000 00661 a2200229 4500
005 20260122101955.0
008 260122b |||||||| |||| 00| 0 eng d
020 _a9789819701896
_cRs. 2195.00
040 _aMAIN
082 _a305.260954
_bS18A
100 _aShankardass, Mala Kapur, ed.
245 _aAgeing issues in India: Practices, perspective and polices
260 _bSpringer Nature
_c2024
_aSingapore
300 _aix, 396
440 _aInternational perspectives on aging; V32
650 _aSociology
650 _aSocial Groups
650 _aOlder people-Ageing
650 _aIndia
700 _aPowell, Jason L, S, ed.
942 _cBK
999 _c394612
_d394612